| Tag |
First Indicator |
Second Indicator |
Subfields |
| LEADER |
00000caa a2200000 4500 |
| 001 |
in00000024004 |
| 005 |
20151007055615.0 |
| 008 |
880827m19079999cou 00000 eng d |
| 035 |
|
|
|a (OCoLC)18419103
|
| 035 |
|
|
|9 AAB8704AM
|
| 040 |
|
|
|a TXA
|c TXA
|d UtOrBLW
|
| 049 |
|
|
|a TXAM
|c 1 [A12593935], 2 [A12594339]
|
| 050 |
|
4 |
|a TN210
|b .C68 v.11, no.4, pt.2
|
| 100 |
1 |
|
|a Miller, L. F.
|
| 245 |
1 |
4 |
|a The spectroscope and spectroscopic quantitative analysis.
|
| 300 |
|
|
|a pages 9-15. ;
|c 24 cm.
|
| 336 |
|
|
|a text
|b txt
|2 rdacontent
|
| 337 |
|
|
|a unmediated
|b n
|2 rdamedia
|
| 338 |
|
|
|a volume
|b nc
|2 rdacarrier
|
| 650 |
|
0 |
|a Spectroscope.
|
| 773 |
0 |
|
|7 nnas
|t Quarterly of the Colorado School of Mines.
|d Golden, Colorado School of Mines press, 1907- .
|g v. 11, no. 4.
|w (OCoLC)1564155
|
| 830 |
|
0 |
|a Colorado School of Mines quarterly ;
|v v. 11, no. 4.
|
| 999 |
|
|
|a MARS
|
| 999 |
f |
f |
|s 8fe65513-fece-3d48-a51d-031cc6c33f69
|i cb6c6280-dfdc-3682-bbc6-b0d800984449
|t 0
|
| 952 |
f |
f |
|p normal
|a Texas A&M University
|b College Station
|c Sterling C. Evans Library
|d Evans: Library Stacks
|t 0
|e TN210 .C68 v.11 no.4 pt.2
|h Library of Congress classification
|i unmediated -- volume
|m A14812593935
|
| 998 |
f |
f |
|a TN210 .C68 v.11 no.4 pt.2
|t 0
|l Evans: Library Stacks
|